| 000 | 00402cam a2200169 4500 | ||
|---|---|---|---|
| 001 | D14084 | ||
| 008 | 090401t1907 xxu||||| |||| 00| 0 eng d | ||
| 035 | _a(Sirsi) u13406 | ||
| 041 | _aeng | ||
| 100 | _aTracy, John Clayton | ||
| 245 | _aPlane surveying : a next book & pocket manual | ||
| 260 |
_aNY _bJohn Wiley _c1907 |
||
| 350 | _a0 | ||
| 520 | _aShelf 136 | ||
| 942 | _n0 | ||
| 948 | _c04/03/1997 | ||
| 999 |
_c87092 _d87092 |
||